Approximation theorems of mathematical statistics

Guardat en:
Dades bibliogràfiques
Autor principal: Serfling, Robert J (Autor)
Format: Llibre
Idioma:anglès
Publicat: Nueva York John Wiley 1980
Col·lecció:Wiley Series in Probability and Mathematical Statistics
Matèries:
Etiquetes: Afegir etiqueta
Sense etiquetes, Sigues el primer a etiquetar aquest registre!

MARC

LEADER 00000nam a2200000 a 4500
001 UCP0217
003 CL-VaPUC
008 990305e19800000US |||||||||||||||||eng|d
082 0 4 |a 519.5  |b SER  |2 21 
100 0 |a Serfling, Robert J  |e author  |9 425233 
245 1 0 |a Approximation theorems of mathematical statistics 
300 |a 371 p 
942 |c BK 
945 |d 19990305 00:00:00  |a cmena 
260 |a Nueva York  |b John Wiley  |c 1980 
650 0 |a Estadística matemática  |9 260028 
650 7 |a TEOREMAS DE LIMITES  |2 CL-VaPUC  |9 425234 
650 0 |a Muestreo (Estadística)  |9 270232 
650 7 |a INFERENCIA PARAMETRICA  |2 CL-VaPUC  |9 425235 
583 |a last modification  |c 19990305 00:00:00  |k Rodrigo Vera 
490 0 |a Wiley Series in Probability and Mathematical Statistics 
999 |c 279057  |d 279055 
952 |0 0  |1 0  |4 0  |6 519_500000000000000_SER_1980  |7 0  |8 A  |9 317967  |a BIBGIM  |b BIBGIM  |d 2019-11-20  |i 1498312  |o 519.5 SER 1980  |p 1498312  |r 2025-01-15  |w 2019-11-20  |y BK  |k EST